| 000 | 00461nam a2200145 i 4500 | ||
|---|---|---|---|
| 001 | 70500 | ||
| 003 | ES-MaACL | ||
| 007 | t| | ||
| 008 | 040727s1974 sp ||||1| spa d | ||
| 100 | 1 |
_aGarcía-Vaquero Vaquero, Emilio. _955372 |
|
| 245 | 1 | 0 |
_aDiseño y construcción de alojamientos ganaderos / _cEmilio Gracía-Vaquero Vaquero. |
| 260 |
_aMadrid : _bMundi-Prensa, _c1974. |
||
| 300 |
_a226 p. : _bplan., il. ; _c24 cm. |
||
| 852 |
_aES-MaACL _jE-7500 _bR.91812 |
||
| 999 |
_c70500 _d70500 |
||